Constituição do Estado de Mato Grosso / (Record no. 1131)

MARC details
000 -LÍDER
Campo Fixo de Controle 00846nam a2200229 a 4500
001 - NÚMERO DE CONTROLE
Campo de Controle 1131
003 - IDENTIFICAÇÃO DO NÚMERO DE CONTROLE
Campo de Controle BR-CuiBMT
005 - DATA E HORA DA ÚLTIMA ATUALIZAÇÃO
Campo de Controle 20231129193350.0
008 - DADOS FIXOS
Dados Fixos 231126s2007 mtb 000 0 por d
040 ## - AGÊNCIA CATALOGADORA
Código da Agência Catalogadora BR-CuiBMT
Agência que transcreveu o registro BR-CuiBMT
080 ## - Nº DA CLASSIFICAÇÃO DECIMAL UNIVERSAL
Nº edição CDU 2007
Nº Class. CDU 342.4
Subd. Auxiliar Comum (817.2)"1989"
090 ## - NÚMERO DE CHAMADA
Nº classificação 342.4(817.2)"1989"
Cutter C758
Ano/Edição 3. ed.
245 00 - TÍTULO PRINCIPAL
Título principal Constituição do Estado de Mato Grosso /
Indicação de responsabilidade Organizador: Zaluir Pedro Assad.
250 ## - EDIÇÃO
Edição 3. ed., rev. e atual.
260 ## - PUBLICAÇÃO, DISTRIBUIÇÃO, ETC.
Local de publicação Cuiabá :
Editora Centro América,
Data 2007.
300 ## - DESCRIÇÃO FÍSICA
N. páginas ou volumes 236 p. ;
Dimensões 22 cm
500 ## - NOTAS GERAIS
Notas gerais Promulgada em 05 de outubro de 1989. Publicada no Diário Oficial em 18 de outubro de 1989. Atualizada até a Emenda Constitucional nº 51, de 28/02/2007.
504 ## - NOTA DE BIBLIOGRAFIA, ETC.
Nota de bibliografia Inclui bibliografia.
650 ## - ASSUNTO TÓPICO
Cabeçalho tópico ou nome geográfico Constituição
Subdivisão geográfica Mato Grosso
700 ## - ENTRADA SECUNDÁRIA -- NOME PESSOAL
Cód. do termo explicativo org.
Nome pessoal Assad, Zaluir Pedro,
Datas associadas ao nome 1955-
942 ## - ELEMENTOS DE ENTRADA ADICIONAIS (KOHA)
Fonte de classificação ou esquema de arquivamento Classificação Decimal Universal
Tipo de item do Koha Livros
Holdings
Estado: removido Estado: perdido Fonte de classificação ou esquema de arquivamento Estado: danificado Indisponível para empréstimo Localização permanente Localização atual Data de aquisição Total Checkouts Número de Chamada completo Código de barras Date last seen Número do exemplar Preço efetivo a partir de Tipo de item (Koha)
    Classificação Decimal Universal     Biblioteca da Escola Superior de Contas do TCE/MT Biblioteca da Escola Superior de Contas do TCE/MT 23/09/2008   342.4(817.2)"1989" C758 3. ed. BIBTCEMT23111319 29/11/2023 Ex. 1 29/11/2023 Livros
    Classificação Decimal Universal     Biblioteca da Escola Superior de Contas do TCE/MT Biblioteca da Escola Superior de Contas do TCE/MT 30/11/2023   342.4(817.2)"1989" C758 3. ed. BIBTCEMT23111369 30/11/2023 Ex. 2 30/11/2023 Livros
    Classificação Decimal Universal     Biblioteca da Escola Superior de Contas do TCE/MT Biblioteca da Escola Superior de Contas do TCE/MT 30/11/2023   342.4(817.2)"1989" C758 3. ed. BIBTCEMT23111370 30/11/2023 Ex. 3 30/11/2023 Livros
    Classificação Decimal Universal     Biblioteca da Escola Superior de Contas do TCE/MT Biblioteca da Escola Superior de Contas do TCE/MT 30/11/2023   342.4(817.2)"1989" C758 3. ed. BIBTCEMT23111371 30/11/2023 Ex. 4 30/11/2023 Livros
    Classificação Decimal Universal     Biblioteca da Escola Superior de Contas do TCE/MT Biblioteca da Escola Superior de Contas do TCE/MT 30/11/2023   342.4(817.2)"1989" C758 3. ed. BIBTCEMT23111372 30/11/2023 Ex. 5 30/11/2023 Livros
    Classificação Decimal Universal     Biblioteca da Escola Superior de Contas do TCE/MT Biblioteca da Escola Superior de Contas do TCE/MT 30/11/2023   342.4(817.2)"1989" C758 3. ed. BIBTCEMT23111373 30/11/2023 Ex. 6 30/11/2023 Livros

Powered by Koha